000 00536nam a2200193Ia 4500
003 GCL
008 140319s9999 xx 000 0 ara d
040 _aGCL /
_cGCL
082 0 4 _a891.7
_bم د
100 1 _aعمر الديراوى
245 1 0 _aالدون الهادى /
_cعمر الديراوى
700 1 _aشولوخوف، ميخائيل
300 _a462 ص
490 _aكتاب
_v0
650 0 4 _aالقصص
650 0 4 _aالادب العالمى
650 0 4 _aالادب الروسى المترجم
942 _2ddc
_cBK
999 _c41542
_d41542